LIBRARY & INFORMATION CENTRE, KCAET, TAVANUR

ONLINE PUBLIC ACCESS CATALOGUE (OPAC)

Economics of energy plantation: proceeding of national work shop on economics of energy plantation / (Record no. 10195)

MARC details
000 -LEADER
fixed length control field 00545cam a2200181ua 4500
003 - CONTROL NUMBER IDENTIFIER
control field OSt
008 - FIXED-LENGTH DATA ELEMENTS--GENERAL INFORMATION
fixed length control field 250804b |||||||| |||| 00| 0 eng d
020 ## - INTERNATIONAL STANDARD BOOK NUMBER
ISBN 81 85167 57 5
041 ## - LANGUAGE CODE
Language code of text/sound track or separate title eng
082 ## - DEWEY DECIMAL CLASSIFICATION NUMBER
Classification number 621.47
Item number MAT/EC
100 ## - MAIN ENTRY--AUTHOR NAME
Personal name Mathur, .
245 ## - TITLE STATEMENT
Title Economics of energy plantation: proceeding of national work shop on economics of energy plantation /
260 ## - PUBLICATION, DISTRIBUTION, ETC. (IMPRINT)
Place of publication New Delhi :
Name of publisher Himanshu Publications ,
Year of publication 1992.
300 ## - PHYSICAL DESCRIPTION
Number of Pages 124 ; .
700 1# - ADDED ENTRY--PERSONAL NAME
Personal name Iqbal, Hussain .
700 1# - ADDED ENTRY--PERSONAL NAME
Personal name Rathere, N S .
942 ## - ADDED ENTRY ELEMENTS (KOHA)
Koha item type Books
Holdings
Withdrawn status Lost status Damaged status Home library Current library Date acquired Full call number Accession Number Koha item type
      KAUAET KAUAET 07/04/2012 621.47 MAT/EC 18123 Books
free website counter